000 00508nam a2200181 u 4500
001 000020733
005 20200930011143.0
008 100813s2015 dr 000 0 spa d
020 _a9789945018066
040 _aDO-SdBNP
_bspa
_cBNPHU
082 _axxx
_bxxxx
100 1 _aF. Pérez, Rosa Aura
_943487
245 1 0 _aOrando con Jesús de la misericordia /
_cRosa Aura F. Pérez.
260 _aSanto Domingo :
_bPaulinas,
_c2015.
300 _a48 p. ;
_c15 cm.
490 1 _aOrando
830 0 _aOrando
_943488
999 _c20237
_d20237